|
|
|
|
| LEADER |
00000nam0a2200000 4500 |
| 001 |
285747 |
| 005 |
20231101235826.0 |
| 035 |
|
|
|a (RuTPU)RU\TPU\book\310023
|
| 090 |
|
|
|a 285747
|
| 100 |
|
|
|a 20150227d1984 k y0rusy5003 ca
|
| 101 |
0 |
|
|a rus
|
| 102 |
|
|
|a RU
|
| 105 |
|
|
|a af z 001zy
|
| 200 |
1 |
|
|a Условия формирования ловушек неантиклинального типа на севере европейской части СССР
|e сборник научных трудов
|f Всесоюзный нефтяной научно-исследовательский геологоразведочный институт (ВНИГРИ)
|
| 210 |
|
|
|a Ленинград
|c Изд-во ВНИГРИ
|d 1984
|
| 215 |
|
|
|a 123 с.
|c 10 л. ил.
|d 21 см
|
| 320 |
|
|
|a Библиография в конце статей
|
| 606 |
1 |
|
|a Нефтяные ловушки
|2 stltpush
|3 (RuTPU)RU\TPU\subj\45948
|9 65137
|
| 610 |
1 |
|
|a Север СССР
|
| 610 |
1 |
|
|a газовые ловушки
|
| 610 |
1 |
|
|a строение
|
| 610 |
1 |
|
|a формирование
|
| 610 |
1 |
|
|a нефть
|
| 610 |
1 |
|
|a газ
|
| 610 |
1 |
|
|a мезозойские отложения
|
| 610 |
1 |
|
|a палеозойские отложения
|
| 610 |
1 |
|
|a литологические замещения
|
| 610 |
1 |
|
|a осадочные чехлы
|
| 610 |
1 |
|
|a нефтеносность
|
| 675 |
|
|
|a 553.982.2
|z rus
|v 3
|
| 712 |
0 |
2 |
|a Всесоюзный нефтяной научно-исследовательский геологоразведочный институт (ВНИГРИ)
|c (Ленинград)
|c (1929-1991)
|2 stltpush
|3 (RuTPU)RU\TPU\col\7662
|
| 801 |
|
0 |
|a RU
|b RuMRKP
|c 19950704
|g psbo
|
| 801 |
|
1 |
|a RU
|b 63413507
|c 20150227
|
| 801 |
|
2 |
|a RU
|b 63413507
|c 20160620
|g RCR
|
| 942 |
|
|
|c BK
|